000 00478nam a2200145Ia 4500
008 151213s9999 xx 000 0 und d
100 _aআব্দশ শাকুর
245 _aক্ষীয়মান
_cআব্দশ শাকুর
260 _aঢাকা
_bআহমুদ পাবলিশিং
_c1982
300 _a7316 p.
650 _aBangla
650 _aবাংলা সাহিত্য
700 _aআব্দশ শাকুর
999 _c3886
_d3886